000 00577nam a2200241Ia 4500
005 20260123164129.0
008 008 260114s9999 xx 000 0 eng d
020 _a9789354437687
037 _aEBOOK
040 _aCRL
040 _beng
040 _cCRL
041 _2eng
041 _aeng
084 _qCRL
100 _aSrinivasan
_91106280
245 0 _aServices marketing: the indian context, 4/e
260 _bPHI
856 _uhttps://elibrary.phindia.com/ebooks/reader/9789354437687
942 _cEBOOK
999 _c1671403
_d1671403